MDQL
is popping MORE tags! Check the
thread
!
Quizzes
Events
Quiz Creation
Community
Videos
Private Events
Remove Ads
Sign In
Join for FREE
Feedback
Dark Mode
Quiz Categories
Sports
Geography
Music
Movies
Television
Just For Fun
Miscellaneous
History
Literature
Language
Science
Gaming
Entertainment
Religion
Holiday
For Kids
Quiz Lab
Recent
Popular Today
Quiz Kudos Today
Editor Picks
Curator Picks
Quizzes by...
Day
Popularity
Type
Ratings
Length
Year
Community
Subscriptions
Recent Discussions
Orange Saloon
Badges
Playlists
Quests
Create
Leaderboards
Showdown
Live 5
Trivia Bingo
Activity
Puzzle Library
Sporcle Events
Private Events
Virtual Trivia
Globe League
Become a Host
Pub Owners
SporcleCon
Opinionation
Our Games
Videos
Blog
Mobile Apps
Partnerships
Remove Ads and Go Orange
Feedback
History
US Presidents
World Leaders
Politics
Nation
Discovery
War
Decade
Year
Century
Biography
Art
History
US Presidents
World Leaders
Politics
Nation
Discovery
War
Decade
Year
Century
Biography
Art
Random Quiz
Search Sporcle
×
Quiz Lab
Quiz Lab
History
Definition
Type in answers that appear in a list
Type in answers that appear in a list
Classic
Best Score? Go Orange.
LHC Terms - Ch. 5, Crime Stats
Can you name the LHC Terms 5-8?
By
lallida
10m
23 Questions
14 Plays
14 Plays
14 Plays
Comments
Comments
Give Quiz Kudos
Give Quiz Kudos
-
- Ratings
hide this ad
Forced Order
Answers have to be entered in order
Answers have to be entered in order
Random Order
Randomize order of answers
Randomize order of answers
Replay
Link that replays current quiz
Next Quiz
Link to next quiz in quiz playlist
You Got
0%
They Got
Avg Score
31%
Avg Friend Score
Upgrade to see
Score Distribution
Jump to the score distribution portion of the page
Score
0/23
Timer
10:00
0
Plays Today
Definition
Term
% Correct
A serious crime usually punishable by more than 1 year in jail
Felony
85.7%
A less serious crime usually punishable by a fine or forfeiture
Misdemeanor
78.6%
Offering money or property to a public official to influence the official’s decision
Bribery
64.3%
Intentional falsification of a document to defraud
Forgery
57.1%
Criminal intent or mental fault; intentional wrongdoing
Mens Rea
50%
The intentional use of deceit, a trick, or some dishonest means to deprive another of his/
her/
its money, property, or a legal right
Fraud
50%
Trespassory taking and carrying away of personal property of another with the intent to deprive the victim permanently of the property
Larceny
42.9%
Making threats to obtain money or property
Extortion
42.9%
Working together by agreement to commit an illegal act
Conspiracy
42.9%
Inducement by a law enforcement official to commit a crime
Entrapment
42.9%
Any act or omission forbidden by public law
Crime
35.7%
Reporting money received through illegal activities as income from a legitimate business
Money Laundering
28.6%
Definition
Term
% Correct
A nonviolent crime usually involving cheating or dishonesty in commercial matters
White Collar Crime
21.4%
Prohibits a pattern of racketeering activity; has both civil & criminal liability provisions
RICO
21.4%
Taking of another’s property by a person who was in lawful possession of the property
Embezzlement
14.3%
Liability imposed for acts of employees if the employer directed, participated in, or approved of the acts
Vicarious Liability
14.3%
Coercion by threat of serious bodily harm
Duress
14.3%
Wrongful or overt act
Actus Reus
7.1%
Any of approximately 30 state and federal crimes, including mail & wire fraud and bribery
Racketeering
7.1%
Honest and reasonable belief that conduct is not criminal
Mistake of Fact
7.1%
A step toward the commission of another crime, the step itself being serious enough to merit punishment
Inchoate Crimes
0%
Obtaining title to property of another by means of representation one knows to be materially false; made with intent to defraud
False Pretenses
0%
Knowingly issuing a check without funds sufficient to cover the check
Bad Checks
0%
Quiz Playlist
Details
Report
Send in Message
Add To Playlist
Classic:
Type in answers that appear in a list
Forced Order:
Answers have to be entered in order
Random Order:
Randomize order of answers
Last Updated: Feb 16, 2017
Quiz Scoreboard
CHALLENGE
Sign Up to Join the Scoreboard
Show All
Scores
Hide
Comments
May contain spoilers
Recently Published
Street Fighter Characters
by Artimus82
Gaming
60s
9x9 Crossword: Cartoon Network
by jackfrog10
Miscellaneous
3m
College Basketball Coaching Resumes
by pancakes188
Sports
9m
More to Explore
Quiz From the Vault
Featured Blog Post
Where Did the Easter Bunny Come From?
hide this ad
You Might Also Like...
Tags
Definition Quiz
5-8
crime
Term
Today's Top Quizzes in History
Browse History
hide this ad
Today's Top Quizzes in Definition
Browse Definition
Top Contributed Quizzes in History
1
Popular People in 1991
2
Popular People in 1981
3
Popular People in 1951
4
Popular People in 1941
5
Popular People in 1986
6
Popular People in 1976
7
Popular People in 1921
8
5-to-1: 20th Century Images of War
9
I Am Born On March 28th
10
Popular People in 1946
Explore More
Trending Topics
Disney
Crossword
Marvel
Anime
Kpop
NBA
Harry Potter
The Office
Country
Puzzle
Pokémon
Soccer
NFL
Song
WWE
hide this ad
More By:
lallida
Quiz
Plays
Rating
Category
Featured
Created
LHC Terms - Ch. 5, Crime
14
History
Oct 20, 2009
LHC Terms 1-4
7
History
Oct 20, 2009
Go to Creator's Profile
Score Distribution
Quiz Creator Spotlight
lallida
Follow
Send a Message
Quizzes Created
-
Created Quiz Play Count
-
More By This Creator
Popular Quizzes Today
1
Find the US States - No Outlines Minefield
2
Find the Countries of Europe - No Outlines Minefield
3
The Countries of the World
4
Find the US States
5
Risky Map Clicking: Biggest States A-Z
6
US States
7
Popular People in 1961
8
Movies - When Are They Set?
More History Quizzes
Find the Cargo Airplanes
Quiz Lab
Trending Quizzes
Risky Map Clicking: Least Populous States A-Z
1-10 Letter G Words
Risky Map Clicking: Next State Alphabetically
Adjectives in 80s TV Shows
The Seven Year Switch: Catherine
Recently Updated
Leaping Animals
pecheneg
Reality TV Shows (A-Z)
bhenderson79
Rickey Henderson's Hall of Fame Teammates
pecheneg
Champions League XIs: Arsenal
pecheneg
Quick Pick: Celebrities in WWE's Hall of Fame
aduchscher
A-Z Keypad Blitz II
pecheneg
Multiple Oscar Actors
pecheneg
Mystery Phrase Blitz: Oscar 'Best Actors'
pecheneg
F. Scott Fitzgerald Novels
LTH
Pick 3 Villains
ddd62291
Trending Topics
Marvel
Crossword
Harry Potter
Disney
NBA
Anime
Kpop
Puzzle
NFL
Pokémon
Soccer
Song
The Office
Country
WWE
Your Account Isn't Verified!
In order to create a playlist on Sporcle, you need to verify the email address you used during registration. Go to your
Sporcle Settings
to finish the process.
Report this User
Report this user for behavior that violates our
Community Guidelines
.
Details:
Send Report
Go to the Sporcle.com Mobile Site →
Comments